000 00667nam a22001937a 4500
003 NUST-PNEC
005 20170116180708.0
008 140930b xxu||||| |||| 00| 0 eng d
022 _aB000KH1M1E
040 _cPNEC
082 _a621.395 XIL
100 _9428
_aXilinx
245 _aThe Programmable Logic Data Book
_cXilinx
260 _aCalifornia
_bSan Jose, California
_c1999
300 _avarious pagings. :
_bill. ;
_c23 cm.
500 _aIncludes Index http://www.amazon.com/XILINX-Programmable-Logic-Data-Book/dp/B000KH1M1E/ref=sr_1_1?s=books&ie=UTF8&qid=1412056736&sr=1-1&keywords=XILINX++THE+PROGRAMMABLE+LOGIC+DATA+BOOK
650 _xEL
942 _2ddc
_cBK
999 _c60816
_d60816